<?xml version="1.0" encoding="UTF-8"?>
<record
    xmlns:xsi="http://www.w3.org/2001/XMLSchema-instance"
    xsi:schemaLocation="http://www.loc.gov/MARC21/slim http://www.loc.gov/standards/marcxml/schema/MARC21slim.xsd"
    xmlns="http://www.loc.gov/MARC21/slim">

  <leader>01089cam a22002771a 4500</leader>
  <controlfield tag="001">gs 33000063 </controlfield>
  <controlfield tag="003">DLC</controlfield>
  <controlfield tag="005">20260227111337.0</controlfield>
  <controlfield tag="008">871119s1923    bl abf   b    001 0 por c</controlfield>
  <datafield tag="010" ind1=" " ind2=" ">
    <subfield code="a">gs 33000063 </subfield>
  </datafield>
  <datafield tag="035" ind1=" " ind2=" ">
    <subfield code="a">(OCoLC)17006497</subfield>
  </datafield>
  <datafield tag="040" ind1=" " ind2=" ">
    <subfield code="a">U.S. Geol. Survey. Libr.</subfield>
    <subfield code="c">CLU</subfield>
    <subfield code="d">CLU</subfield>
    <subfield code="d">DLC</subfield>
  </datafield>
  <datafield tag="043" ind1=" " ind2=" ">
    <subfield code="a">s-bl---</subfield>
  </datafield>
  <datafield tag="050" ind1="0" ind2="0">
    <subfield code="a">TC841</subfield>
    <subfield code="b">.A3 no. 23</subfield>
  </datafield>
  <datafield tag="100" ind1="1" ind2=" ">
    <subfield code="a">Waring, Gerald A.</subfield>
    <subfield code="q">(Gerald Ashley),</subfield>
    <subfield code="d">1883-</subfield>
  </datafield>
  <datafield tag="245" ind1="1" ind2="0">
    <subfield code="a">Supprimento d'agua no nordeste do Brasil /</subfield>
    <subfield code="c">por Geraldo A. Waring.</subfield>
  </datafield>
  <datafield tag="250" ind1=" " ind2=" ">
    <subfield code="a">2a. edi&#xE7;&#xE3;o</subfield>
  </datafield>
  <datafield tag="260" ind1=" " ind2=" ">
    <subfield code="a">[Rio de Janeiro] :</subfield>
    <subfield code="b">Imprensa Ingleza,</subfield>
    <subfield code="c">1923.</subfield>
  </datafield>
  <datafield tag="300" ind1=" " ind2=" ">
    <subfield code="a">xlii, 78 p., [6] leaves of plates :</subfield>
    <subfield code="b">ill., fold. map, diagr. ;</subfield>
    <subfield code="c">23 cm.</subfield>
  </datafield>
  <datafield tag="490" ind1="1" ind2=" ">
    <subfield code="a">Inspectoria Federal de Obras contra as Seccas ;</subfield>
    <subfield code="v">Publica&#xE7;&#xE3;o n. 23, Serie I. D. Hydrologia, Geologia</subfield>
  </datafield>
  <datafield tag="500" ind1=" " ind2=" ">
    <subfield code="a">At head of title: Ministerio da Via&#xE7;&#xE3;o e Obras Publicas.</subfield>
  </datafield>
  <datafield tag="504" ind1=" " ind2=" ">
    <subfield code="a">Bibliography: p. 6.</subfield>
  </datafield>
  <datafield tag="500" ind1=" " ind2=" ">
    <subfield code="a">Includes index.</subfield>
  </datafield>
  <datafield tag="650" ind1=" " ind2="0">
    <subfield code="a">Water-supply</subfield>
    <subfield code="z">Brazil, Northeast.</subfield>
  </datafield>
  <datafield tag="830" ind1=" " ind2="0">
    <subfield code="a">Publica&#xE7;&#xE3;o (Brazil. Inspectoria Federal de Obras contra as Seccas) ;</subfield>
    <subfield code="v">n. 23, s&#xE9;r. 1, D.</subfield>
  </datafield>
  <datafield tag="999" ind1=" " ind2=" ">
    <subfield code="c">27004</subfield>
    <subfield code="d">27004</subfield>
  </datafield>
</record>
